000 01218nam a22002897a 4500
999 _c114609
_d114609
003 dpl
005 20181214152443.0
008 181214b ||||| |||| 00| 0 eng d
010 _aB-091614
020 _c150.00
_a8187472227
035 _aB-091614
035 _aB-78453
037 _bCen Lib/Ret
040 _aDPL
_bHN
_cdpl
082 _a
_bजोगीसु
100 _aजोगी, सुनील
_957535
245 _aस्वतंत्रता सेनानियों के प्रेरक-प्रसंग /
_cसुनील जोगी
246 _aSwatantrata senaniyon ke prerak prasang /
_bby Sunil Jogi
260 _aनई दिल्ली
_bविजय पब्लिशर्स
_c2003
270 _a5, गोला मार्किट, दरियागंज
_bनई दिल्ली
_e110002
300 _a127पृ.
_c21सेमी(सजिल्द )
650 _aहिंदी साहित्य
_x
_z
_957537
650 _aहिंदी साहित्य--कहानियां
_942761
650 _aHindi literature
_v
_957538
650 _aHindi literature--Stories
_957539
942 _2ddc
_cHN
_h
_mजोगीसु